00522nam a2200157Ia 450000500170000000800410001704100080005808200160006610000280008224500270011026000450013730000090018265000230019199900190021495201310023320250729165408.0250729s2005 xx 000 0 und d aeng a370.15 SHAE aSharma Anuradha9222752 aEducational Psychology aNew DelhibCommonwealth Publishersc2005 a239p aPsychology9222753 c235594d235594 00104070aALbALd2025-07-29eSita Book Houseg135.00l0o370.15 SHAEpBED00913r2025-07-29 16:54:08v135.00w2025-07-29yBK